000 00197nam a2200085 4500
001 1256728
005 20260105140411.0
245 _aROSROS İLE ZENZEN
_cFİLİZ ÖZDEM
260 _bYAPI KREDİ YAYINLARI
999 _c1256728
_d1256728